Movies Quiz

Random Movies or Actor Quiz

Actors 5 Movie Click XXXVIII Quiz Stats

 Plays Quiz not verified by Sporcle

Support Sporcle.
Go Orange.
Score 0/40 Timer 09:00
0 Plays Today
% Correct
Grease
95.8%
Saturday Night Fever
94.9%
Rocky
94.4%
Pulp Fiction
93%
Speed
92.6%
The Expendables
92.6%
First Blood
92.1%
Halloween H20: 20 Years Later
91.6%
Look Who's Talking
86%
The Hunger Games: Catching Fire
84.2%
Broken Arrow
83.7%
The Lake House
83.7%
Grosse Pointe Blank
81.9%
Two Weeks Notice
80%
It
80%
High Fidelity
79.5%
Fantastic Four (2015)
78.6%
Knives Out
77.7%
The Master
76.3%
School of Rock
75.3%
% Correct
28 Days
74.4%
Mission Impossible III
74.4%
My Girl 2
73.5%
Toy Story 2
72.6%
Escape Plan
71.2%
Guardians of the Galaxy vol. 2
71.2%
The Addams Family (2019)
71.2%
The Martian
68.4%
Minions
64.7%
Red Dragon
61.4%
Prom Night
58.1%
The Goldfinch
58.1%
Shooter
49.3%
Megan Leavey
47.9%
A Most Wanted Man
47.4%
Howard Lovecraft and the Kingdom of Madness
43.3%
The Turning
39.1%
The Tailor of Panama
31.6%
My Days of Mercy
28.8%
Klaus
24.7%

You're not logged in!

Compare scores with friends on all Sporcle quizzes.
OR
Log In

From the Vault

Knife, Fork or Spoon?

by BGCollector

Fun fact: 'Rock, Paper, Scissors' was originally called 'Knife, Fork or Spoon' until the Spork came along and just ruined everything.
Remove Ads.
Support Sporcle.
Get the best of Sporcle when you Go Orange. This ad-free experience offers more features, more stats, and more fun while also helping to support Sporcle. Thank you for becoming a member.

Show Comments

Extras

Created Feb 21, 2020ReportNominate
Tags:Actor Quiz, Clickable Quiz, Five

Top Quizzes Today


Score Distribution

Your Account Isn't Verified!

In order to create a playlist on Sporcle, you need to verify the email address you used during registration. Go to your Sporcle Settings to finish the process.

Report this User

Report this user for behavior that violates our Community Guidelines.

Details: